[Event "Orsay Blitz op"]
[Site "Europe Echecs INT"]
[Date "2023.09.17"]
[Round "7"]
[White "Bertran, Arthur"]
[Black "Chaudurie, Yohan"]
[Result "0-1"]
[WhiteElo "1099"]
[BlackElo "1540"]
[PlyCount "38"]
[EventDate "2023.09.17"]
[EventType "swiss (blitz)"]
[EventRounds "11"]
[EventCountry "FRA"]
[SourceTitle "EXT 2025"]
[Source "ChessBase"]
[SourceDate "2024.10.14"]
[SourceVersion "1"]
[SourceVersionDate "2024.10.14"]
[SourceQuality "1"]

1. e4 e6 2. Nc3 d6 3. d4 a6 4. Nf3 b6 5. Bf4 Bb7 6. Qe2 Nd7 7. Qe3 h6 8. Bc4 Be7 9. d5 e5 10. Bg3 Ngf6 11. h3 Nh5 12. Bh4 g5 13. Bg3 Bf6 14. h4 Nf4 15. Bxf4 gxf4 16. Qe2 Qe7 17. h5 Nc5 18. b4 Nd7 19. b5 a5 0-1

[Event "Orsay Blitz op"]
[Site "Europe Echecs INT"]
[Date "2023.09.17"]
[Round "4"]
[White "Dumont, Frederic"]
[Black "Bertran, Arthur"]
[Result "1-0"]
[WhiteElo "1366"]
[BlackElo "1099"]
[PlyCount "55"]
[EventDate "2023.09.17"]
[EventType "swiss (blitz)"]
[EventRounds "11"]
[EventCountry "FRA"]
[SourceTitle "EXT 2025"]
[Source "ChessBase"]
[SourceDate "2024.10.14"]
[SourceVersion "1"]
[SourceVersionDate "2024.10.14"]
[SourceQuality "1"]

1. f4 d5 2. d4 Bf5 3. Nf3 Nc6 4. e3 Nf6 5. Bb5 a6 6. Ba4 b5 7. Bb3 e6 8. 0-0 Ne4 9. Nbd2 Bd6 10. a3 a5 11. c3 b4 12. axb4 axb4 13. Rxa8 Qxa8 14. Nxe4 Bxe4 15. Ne5 Bxe5 16. fxe5 Qd8 17. Bd2 Qg5 18. Qe2 bxc3 19. bxc3 0-0 20. Rf2 Ne7 21. c4 dxc4 22. Bxc4 c6 23. Bb4 Re8 24. Rf4 Bd5 25. Bd3 Ng6 26. Rg4 Qh5 27. Bxg6 hxg6 28. h3 1-0

[Event "Orsay Blitz op"]
[Site "Europe Echecs INT"]
[Date "2023.09.17"]
[Round "1"]
[White "Lefrancois, Jean"]
[Black "Bertran, Arthur"]
[Result "1-0"]
[WhiteElo "1800"]
[BlackElo "1099"]
[PlyCount "77"]
[EventDate "2023.09.17"]
[EventType "swiss (blitz)"]
[EventRounds "11"]
[EventCountry "FRA"]
[SourceTitle "EXT 2025"]
[Source "ChessBase"]
[SourceDate "2024.10.14"]
[SourceVersion "1"]
[SourceVersionDate "2024.10.14"]
[SourceQuality "1"]

1. d4 d5 2. Nc3 Nf6 3. Bf4 Bf5 4. e3 e6 5. Bd3 Bg6 6. Nf3 a6 7. 0-0 Bb4 8. Ne5 Qe7 9. a3 Bxc3 10. bxc3 Nc6 11. c4 dxc4 12. Nxc6 bxc6 13. Bxc4 c5 14. Qf3 0-0 15. c3 cxd4 16. cxd4 c5 17. Qc6 Rac8 18. Qxa6 cxd4 19. Bd6 Qd7 20. Bxf8 Rxf8 21. exd4 Qxd4 22. Be2 Qf4 23. Qc4 Qe5 24. f4 Qe3+ 25. Kh1 Be4 26. Bf3 Bd3 27. Qc1 Bxf1 28. Qxe3 Bb5 29. a4 Bd7 30. a5 Bc8 31. a6 Bxa6 32. Rxa6 Nd5 33. Bxd5 exd5 34. h3 h5 35. Qe5 Rd8 36. Qxh5 d4 37. Ra7 f6 38. Qf7+ Kh8 39. Qxg7# 1-0